Creative writing analysis / (Record no. 82051)

MARC details
000 -LEADER
fixed length control field 02978cam a2200397 i 4500
001 - CONTROL NUMBER
control field 22727530
003 - CONTROL NUMBER IDENTIFIER
control field URS
005 - DATE AND TIME OF LATEST TRANSACTION
control field 20250206204430.0
006 - FIXED-LENGTH DATA ELEMENTS--ADDITIONAL MATERIAL CHARACTERISTICS
fixed length control field m |o d |
007 - PHYSICAL DESCRIPTION FIXED FIELD--GENERAL INFORMATION
fixed length control field cr_|||||||||||
008 - FIXED-LENGTH DATA ELEMENTS--GENERAL INFORMATION
fixed length control field 220716s2023 enk ob 001 0 eng
010 ## - LIBRARY OF CONGRESS CONTROL NUMBER
LC control number 2022008142
020 ## - INTERNATIONAL STANDARD BOOK NUMBER
International Standard Book Number 9781003023388
Qualifying information (ebook)
020 ## - INTERNATIONAL STANDARD BOOK NUMBER
Canceled/invalid ISBN 9780367902483
Qualifying information (hardback)
020 ## - INTERNATIONAL STANDARD BOOK NUMBER
Canceled/invalid ISBN 9780367902186
Qualifying information (paperback)
040 ## - CATALOGING SOURCE
Original cataloging agency DLC
Language of cataloging eng
Transcribing agency DLC
Description conventions rda
Modifying agency DLC
042 ## - AUTHENTICATION CODE
Authentication code pcc
050 00 - LIBRARY OF CONGRESS CALL NUMBER
Classification number PN187
Item number H231 2023
082 00 - DEWEY DECIMAL CLASSIFICATION NUMBER
Classification number 808.02
Edition number 23/eng/20220727
Item number H231 2023
100 1# - MAIN ENTRY--PERSONAL NAME
Personal name Harper, Graeme,
Relator term author.
245 10 - TITLE STATEMENT
Title Creative writing analysis /
Statement of responsibility, etc. Graeme Harper.
264 #1 - PRODUCTION, PUBLICATION, DISTRIBUTION, MANUFACTURE, AND COPYRIGHT NOTICE
Place of production, publication, distribution, manufacture London ;
-- New York, NY :
Name of producer, publisher, distributor, manufacturer Routledge, Taylor & Francis Group,
Date of production, publication, distribution, manufacture, or copyright notice 2023.
300 ## - PHYSICAL DESCRIPTION
Extent 1 online resource
336 ## - CONTENT TYPE
Content type term text
Content type code txt
Source rdacontent
337 ## - MEDIA TYPE
Media type term computer
Media type code c
Source rdamedia
338 ## - CARRIER TYPE
Carrier type term online resource
Carrier type code cr
Source rdacarrier
504 ## - BIBLIOGRAPHY, ETC. NOTE
Bibliography, etc. note Includes bibliographical references and index.
505 0# - FORMATTED CONTENTS NOTE
Formatted contents note Creative writing analysis : an introduction -- Creative writing actions -- Practice-led research -- Completed work : textual analysis -- Incomplete and complementary work -- Cross disciplinary : interdisciplinary -- Culture and creative writing/Cultures of creative writing.
520 ## - SUMMARY, ETC.
Summary, etc. "All creative writers engage in forms of analysis. That is, we engage in detailed examinations of subjects and themes, of ways of approaching the writing of a single poem or an entire book of poems, of writing a novel or a screenplay. Analysis for creative writers often comes naturally and is frequent. When we reach an understanding of the types of analysis that are available to us, and the forms of analysis we employ, we have more tools at our disposal to progress a project or to find solutions to creative writing problems. Non-creative writers also engage in creative writing analysis, to discover more about a completed work of writing, to place it in the context of a culture or society, a moment in history or a particular writing genre or form or tradition. Creative Writing Analysis details the many ways in which creative writing can be examined. Whether you are a creative writer seeking to improve your work or you are simply interested in analyzing the practice and outcomes of others doing creative writing, Creative Writing Analysis offers strategies to assist you. The book also includes a wonderfully supportive Afterword by Dianne Donnelly, whose work in Creative Writing Studies has been widely recognized as a contribution to the critical study of creative writing"--
Assigning source Provided by publisher.
588 ## - SOURCE OF DESCRIPTION NOTE
Source of description note Description based on print version record and CIP data provided by publisher.
650 #0 - SUBJECT ADDED ENTRY--TOPICAL TERM
Topical term or geographic name entry element Creative writing.
776 08 - ADDITIONAL PHYSICAL FORM ENTRY
Relationship information Print version:
Main entry heading Harper, Graeme.
Title Creative writing analysis
Place, publisher, and date of publication London ; New York, NY : Routledge, Taylor & Francis Group, 2023
International Standard Book Number 9780367902483
Record control number (DLC) 2022008141
906 ## - LOCAL DATA ELEMENT F, LDF (RLIN)
a 7
b cbc
c orignew
d 1
e ecip
f 20
g y-gencatlg
942 ## - ADDED ENTRY ELEMENTS (KOHA)
Source of classification or shelving scheme Dewey Decimal Classification
Koha item type Foreign Books
Holdings
Withdrawn status Source of classification or shelving scheme Damaged status Not for loan Collection code Home library Current library Shelving location Date acquired Total Checkouts Full call number Barcode Date last seen Price effective from Koha item type
  Dewey Decimal Classification     Non-fiction Pililla College Library Pililla College Library Foreign Section 02/06/2025   808.02 H231 2023 URSPIL-7229 02/06/2025 02/06/2025 Foreign Books

University of Rizal System
Email us at univlibservices@urs.edu.ph

Visit our Website www.urs.edu.ph/library